Name the Marvel film characters in Phase One - Statistics

General Stats
  • This quiz has been taken 17 times
  • The average score is 44 of 79
Answer Stats
Actor/Actress Character % Correct
Edward Norton Bruce Banner
100%
Shaun Toub Ho Yinsen
100%
Tom Hiddleston Loki
100%
Tom Hiddleston Loki
100%
Gwyneth Paltrow Pepper Potts
100%
Gwyneth Paltrow Pepper Potts
100%
Gwyneth Paltrow Pepper Potts
100%
Chris Evans Steve Rogers
100%
Chris Evans Steve Rogers
100%
Chris Hemsworth Thor
100%
Chris Hemsworth Thor
100%
Robert Downey Jr. Tony Stark
100%
Robert Downey Jr. Tony Stark
100%
Robert Downey Jr. Tony Stark
100%
Anthony Hopkins Odin
93%
Mark Ruffalo Bruce Banner
86%
Jon Favreau Happy Hogan
86%
Jon Favreau Happy Hogan
86%
Hugo Weaving Johann Schmidt
86%
Scarlett Johansson Natasha Romanoff
86%
Scarlett Johansson Natasha Romanoff
86%
Hayley Atwell Peggy Carter
86%
Sebastian Stan Bucky Barnes
79%
Jeremy Renner Clint Barton
79%
Idris Elba Heimdall
79%
Gerard Sanders Howard Stark
79%
John Slattery Howard Stark
79%
Dominic Cooper Howard Stark
79%
Samuel L. Jackson Nick Fury
79%
Clark Gregg Phil Coulson
79%
Clark Gregg Phil Coulson
79%
Clark Gregg Phil Coulson
79%
Clark Gregg Phil Coulson
79%
Tim Roth Abomination
71%
Liv Tyler Betty Ross
71%
Terrence Howard James Rhodes
71%
Don Cheadle James Rhodes
71%
Natalie Portman Jane Foster
71%
Cobie Smulders Maria Hill
71%
Jeff Bridges Obadiah Stane
71%
William Hurt Thaddeus Ross
71%
Jaimie Alexander Sif
64%
Stellan Skarsgard Erik Selvig
57%
Stellan Skarsgard Erik Selvig
57%
Mickey Rourke Ivan Vanko
57%
Samuel L. Jackson Nick Fury
57%
Samuel L. Jackson Nick Fury
57%
Ray Stevenson Volstagg
57%
Toby Jones Arnim Zola
50%
Sam Rockwell Justin Hammer
50%
Josh Dallas Fandral
43%
Tadanobu Asano Hogun
36%
Kat Dennings Darcy Lewis
29%
Paul Bettany J.A.R.V.I.S
29%
Paul Bettany J.A.R.V.I.S
29%
Paul Bettany J.A.R.V.I.S
29%
Tim Blake Nelson Samuel Sterns
29%
Neal McDonough Dum Dum Dugan
21%
Garry Shandling Senator Stern
21%
Tommy Lee Jones Chester Phillips
14%
Leslie Bibb Christine Everhart
14%
Leslie Bibb Christine Everhart
14%
Ty Burrell Doc Samson
14%
Rene Russo Friga
14%
Stanley Tucci Abraham Erskine
7%
Sayed Badreya Abu Bakaar
7%
Richard Armitage Heinz Kruger
7%
Kenneth Choi Jim Morita
7%
Tim Guinee Major Allen
7%
Tim Guinee Major Allen
7%
Faran Tahir Raza
7%
Olivia Munn Chess Roberts
0%
Jenna Colman Connie
0%
Bill Smitrovich General Gabriel
0%
Peter Mensah General Joe Greller
0%
Natalie Dormer Lorraine
0%
Lou Ferrigno Security Guard
0%
Paul Soles Stanley
0%
Kate Mara U.S Marshal
0%
No matching quizzes found
Score Distribution
Percent of People with Each Score
Percentile by Number Answered
Your Score History
You have not taken this quiz